Investigación, docencia y transparencia de la contabilidad social y ambiental en Argentina (Registro nro. 27485)

Detalles MARC
000 -LEADER
fixed length control field 00493 a2200133 4500
001 - CONTROL NUMBER
control field ART_15811
005 - DATE AND TIME OF LATEST TRANSACTION
control field 20260410161918.0
008 - FIXED-LENGTH DATA ELEMENTS--GENERAL INFORMATION
fixed length control field 260409a
100 1# - MAIN ENTRY--PERSONAL NAME
Personal name García Fronti, Inés M.
245 10 - TITLE STATEMENT
Title Investigación, docencia y transparencia de la contabilidad social y ambiental en Argentina
700 1# - ADDED ENTRY--PERSONAL NAME
Personal name D´Onofrio, Paula Alejandra
700 1# - ADDED ENTRY--PERSONAL NAME
Personal name Scavone, Graciela María
773 0# - HOST ITEM ENTRY
Title Documentos de trabajo de contabilidad social
Related parts - Año 3, Nº 2 (dic. 2010)
Record control number REV14388

No hay ítems disponibles.